| 000 | 00654nam a22002052 4500 | ||
|---|---|---|---|
| 001 | 0000025045 | ||
| 005 | 20151217160131.0 | ||
| 008 | 141026s xx 000 0 eng d | ||
| 020 | _a0382326784 : | ||
| 040 |
_aKABU _cKABU |
||
| 100 | 1 |
_aManfredini, Becky. _@0000185435 |
|
| 245 | 1 | 0 |
_aPeople and places / _cby Becky Manfredini. |
| 260 |
_aParsipany, NJ : _bSilver Burdett Ginn. |
||
| 300 | _a1 vol. (various pagings) ; | ||
| 908 | _a141026 | ||
| 950 | _@1 | ||
| 999 |
_c14720 _d14720 |
||